<Ein> Wirtschaftswunder für Osteuropa <Das> "produktive Dreieck" Paris-Berlin-Wien als Lokomotive der Weltwirtschaft
Gespeichert in:
| 1. Verfasser: | |
|---|---|
| Weitere Verfasser: | |
| Format: | Buch |
| Sprache: | Deutsch |
| Veröffentlicht: |
Wiesbaden
Böttiger
1991
|
| Ausgabe: | 2. Aufl. |
| Schlagworte: | |
| Tags: |
Keine Tags, Fügen Sie das erste Tag hinzu!
|
MARC
| LEADER | 00000nam a2200000 4500 | ||
|---|---|---|---|
| 001 | c005459 | ||
| 005 | 20221206115020.8 | ||
| 020 | |a 3-925725-12-1 | ||
| 041 | 0 | |a ger | |
| 044 | |a DE | ||
| 245 | 1 | 0 | |a <Ein> Wirtschaftswunder für Osteuropa |b <Das> "produktive Dreieck" Paris-Berlin-Wien als Lokomotive der Weltwirtschaft |c Lyndon LaRouche, Jonathan Tennenbaum |
| 250 | |a 2. Aufl. | ||
| 264 | 1 | |a Wiesbaden |b Böttiger |c 1991 | |
| 300 | |a 249 s. | ||
| 610 | 2 | 0 | |a Európa |
| 610 | 2 | 0 | |a situácia hospodárska |
| 610 | 2 | 0 | |a prognózy hospodárske |
| 610 | 2 | 0 | |a programy rozvojové |
| 610 | 2 | 0 | |a doprava železničná |
| 610 | 2 | 0 | |a doprava nákladná |
| 610 | 2 | 0 | |a doprava vodná |
| 610 | 2 | 0 | |a energia atómová |
| 610 | 2 | 0 | |a reformy hospodárske |
| 610 | 2 | 0 | |a hospodárstvo svetové |
| 610 | 2 | 0 | |a Nemecko |
| 100 | 1 | |a LaRouche, Lyndon | |
| 700 | 1 | |a Tennenbaum, Jonathan | |